000 00460nam a2200169Ia 4500
005 20250423101420.0
008 250422s9999 xx 000 0 und d
020 _a0- 671- 61050- 3
050 _aCB 53 .D87/
100 _aDurant, Will
245 4 _aThe reformation: a history of European civilization from Wyclif to Calvin: 1300- 1564 part VI
260 _aNew York
260 _bSimon and Schuster
260 _c1957
300 _a1025 p
942 _cBK
999 _c36238
_d36238